| 000 | 00981nas a2200289 4500 | ||
|---|---|---|---|
| 001 | BR2015003869 | ||
| 003 | BR-BrBNA | ||
| 005 | 20231205125514.0 | ||
| 007 | ta | ||
| 008 | 230509b bl.|||p| |||| 00| 00por d | ||
| 040 |
_aBR-BrBNA _bpor _cBiblioteca Nacional de Agricultura |
||
| 041 | _a(En) | ||
| 072 | _aF02 | ||
| 100 | 1 | _aOliveira, L.C. de | |
| 100 | 1 | _aCosta, E. | |
| 100 | 1 | _aCortelassi, J.A. da S. | |
| 100 | 1 | _aRodrigues, E.T. | |
| 245 | 1 | _aFormation of beetroot seedlings in different protected environments, substrates and containers in Aquidauana region, State of Mato Grosso do Sul, Brazil | |
| 650 | _aBETERRABA | ||
| 650 | _aBETA VULGARIS | ||
| 650 | _aCULTIVO PROTEGIDO | ||
| 650 | _aPROPAGACAO VEGETATIVA | ||
| 773 | 0 |
_tEngenharia Agrícola (Brazil) _xISSN 1809-4430 _g(May-Jun 2012), v. 32(3) p. 415-422 _wBR2015003869 |
|
| 856 | 4 | 0 | _uhttp://www.scielo.br/pdf/eagri/v32n3/01.pdf |
| 909 |
_a202311 _bLúcia _c55 _dLúcia Elande |
||
| 942 |
_2AGRIS _n0 _cANA |
||
| 999 |
_c244694 _d244694 |
||